00329nam a2200121Ia 4500008004100000041000800041082001200049100001500061245004500076260004500121300003000166365001100196240624s9999 xx 000 0 und d aeng a150 ABD aABDI HERVE aEXPERIMENTAL DESIGN AND ANALYSIS FOR PSY c2009aNew DelhibOxford University press axx, : 538 : p. : cm. ; 26 cRSb30